Regulace evropského účetnictví

Salvato in:
Dettagli Bibliografici
Autore principale: Žárová, Marcela
Ente Autore: Vysoká škola ekonomická v Praze
Natura: Libro
Lingua:ceco
Pubblicazione: Praha Vysoká škola ekonomická v Praze. Nakladatelství Oeconomica 2006
Soggetti:
Tags: Aggiungi Tag
Nessun Tag, puoi essere il primo ad aggiungerne!!

MARC

LEADER 00000nam$a2200000$$$4500
001 0077297
005 20240313090343.1
020 |a 80-245-1046-4 
041 0 |a cze 
044 |a CZ 
245 1 0 |a Regulace evropského účetnictví  |c Marcela Žárová 
264 1 |a Praha  |b Vysoká škola ekonomická v Praze. Nakladatelství Oeconomica  |c 2006 
300 |a 184 s. 
610 2 0 |a účtovníctvo medzinárodné 
610 2 0 |a regulácia 
610 2 0 |a harmonizácia 
610 2 0 |a koncepcie 
610 2 0 |a vývoj 
610 2 0 |a smernice 
610 2 0 |a štandardy účtovné medzinárodné 
610 2 0 |a klasifikácia 
610 2 0 |a výkazníctvo účtovné 
610 2 0 |a Európa 
610 2 0 |a Európska únia 
100 1 |a Žárová, Marcela 
710 2 |a Vysoká škola ekonomická v Praze